000 00561nam#a2200229#c#4500
003 IEF
005 20180219154934.0
008 941205s1983 uuu####fr####| 0||u| |u
017 _aM. 34813-1983
020 _a8485719344
040 _aIEF
100 1 _aAlbentosa Puche, Luis
_9212
245 _aEl paro en España
260 _a[Madrid]
_b Instituto Estudios Económicos
_c1983
300 _a349 p.
_c 18 cm.
500 _aBibliografía
650 4 _aESPAÑA
_941092
650 4 _aDESEMPLEO
_942613
942 _cLIB
942 _z39527
999 _c44702
_d44702